La televisión: críticas y defensas. Apuntes sobre imagen y sonido

Saved in:
Bibliografiske detaljer
Hovedforfatter: Prieto Castillo, Daniel (Author)
Format: Bog
Sprog:spansk
Udgivet: Buenos Aires Lumen 1999
Serier:La Televisión en la Escuela, 1
Fag:
Tags: Tilføj Tag
Ingen Tags, Vær først til at tagge denne postø!

MARC

LEADER 00000nam a2200000 a 4500
001 UCL0167
003 CL-VaPUC
008 030627e19990000AG |||||||||||||||||spa|d
082 0 4 |a 371.3358  |b PRI  |2 21 
100 0 |a Prieto Castillo, Daniel  |e author  |9 476930 
245 1 3 |a La televisión: críticas y defensas. Apuntes sobre imagen y sonido 
300 |a 222 p 
942 |c BK 
945 |d 20030627 00:00:00  |a cmena 
260 |a Buenos Aires  |b Lumen  |c 1999 
650 0 |a Métodos de enseñanza  |9 270413 
650 0 |a Televisión  |9 256845 
650 7 |a MATERIAL AUDIOVISUAL  |2 CL-VaPUC  |9 308466 
583 |a last modification  |c 20030627 00:00:00  |k Rodrigo Vera 
490 0 |a La Televisión en la Escuela, 1 
999 |c 304185  |d 304183 
952 |0 0  |1 0  |4 0  |6 371_335800000000000_PRI_1999  |7 0  |8 A  |9 366073  |a BIBEDU  |b BIBEDU  |d 2019-11-21  |i 3918602  |o 371.3358 PRI 1999  |p 3918602  |r 2019-11-21  |w 2019-11-21  |y BK  |k EPE